| 000 | 01009nam a2200229Ia 4500 | ||
|---|---|---|---|
| 999 |
_c40814 _d40814 |
||
| 001 | 7454 | ||
| 003 | GE_BSU | ||
| 005 | 20231212104848.0 | ||
| 008 | 181216s1991||||ge |||||||||||||| ||geo|| | ||
| 040 | _cGE_BSU | ||
| 041 | _ageo | ||
| 080 | _a821.353.1-32 დ-32 | ||
| 100 |
_aდემეტრაშვილი, ოთარ _93907 |
||
| 245 |
_aპირველი სიყვარული : _bმოთხრობები / _cოთარ დემეტრაშვილი ; რედ. მიმოზა ძიძიგური ; მხატვ. ვ. ხიდეშელი. |
||
| 264 |
_aთბილისი : _bმერანი, _c1991. |
||
| 300 |
_a247 გვ. ; _c20 სმ. |
||
| 653 | _aმოთხრობები | ||
| 653 | _aპირველი სიყვარული | ||
| 700 |
_aძიძიგური, მიმოზა _eრედაქტორი _94459 |
||
| 700 |
_aხიდეშელი, ვ. _eმხატვარი _95859 |
||
| 942 |
_cBK _2udc |
||